បច្ចេកទេសផ្សាំ និង បំបៅដំណាំហូបផ្លែក្នុងលក្ខខ័ណ្ឌ​ ប្រទេសកម្ពុជា (Record no. 90)

000 -LEADER
fixed length control field 00565nam a22001577a 4500
003 - CONTROL NUMBER IDENTIFIER
control field OSt
005 - DATE AND TIME OF LATEST TRANSACTION
control field 20150906112930.0
008 - FIXED-LENGTH DATA ELEMENTS--GENERAL INFORMATION
fixed length control field 150906b xxu||||| |||| 00| 0 eng d
040 ## - CATALOGING SOURCE
Transcribing agency RUA
082 ## - DEWEY DECIMAL CLASSIFICATION NUMBER
Classification number AGR ហូត​ 1991 B004 Or.1
100 ## - MAIN ENTRY--PERSONAL NAME
9 (RLIN) 96
Personal name ហូត អៀងតុង
245 ## - TITLE STATEMENT
Title បច្ចេកទេសផ្សាំ និង បំបៅដំណាំហូបផ្លែក្នុងលក្ខខ័ណ្ឌ​ ប្រទេសកម្ពុជា
260 ## - PUBLICATION, DISTRIBUTION, ETC. (IMPRINT)
Place of publication, distribution, etc. Phnom Penh
Name of publisher, distributor, etc. RUA
Date of publication, distribution, etc. 1991
300 ## - PHYSICAL DESCRIPTION
Extent 56p.
Other physical details ill.
Dimensions 29cm.
942 ## - ADDED ENTRY ELEMENTS (KOHA)
Source of classification or shelving scheme
Koha item type AGR
Holdings
Price effective from Date last seen Permanent Location Not for loan Date acquired Source of classification or shelving scheme Koha item type Lost status Withdrawn status Total Renewals Date last checked out Total Checkouts Shelving location Damaged status Barcode Current Location Full call number
2015-09-062015-09-06Library Block B 2015-09-06 AGR     B004 RUA005403Library Block BAGR ហូត​ 1991 B004 Or.1
2015-09-062017-02-08Library Block B 2015-09-06 AGR  42017-01-234B004 RUA005964Library Block BAGR ហូត​ 1991 B004 Or.2
2016-03-312016-03-31Library Block B 2016-03-31 AGR     B004 RUA41244Library Block BAGR ហូត​ 1991 B004 Or.3
មជ្ឈមណ្ឌលឯការនៃសាកលវិទ្យាល័យភូមិន្ទកសិកម្មចំការដូង

Powered by Koha